Crónicas de Pichilemu: una mirada al pasado, un vistazo al presente
Guardat en:
| Autors principals: | , |
|---|---|
| Format: | Llibre |
| Idioma: | espanyol |
| Publicat: |
Pichilemu
El Marino
2017
|
| Edició: | 2a. ed |
| Matèries: | |
| Etiquetes: |
Afegir etiqueta
Sense etiquetes, Sigues el primer a etiquetar aquest registre!
|
MARC
| LEADER | 00000cam a2200000 a 4500 | ||
|---|---|---|---|
| 001 | UCC1377 | ||
| 003 | CL-VaPUC | ||
| 008 | 171020e20170800cl |||||||||||||||||spa|d | ||
| 020 | |a 9789569757044 | ||
| 082 | 0 | 4 | |a 983.33 |b GRE |2 21 |
| 100 | |a Grez-Cañete, Diego Alberto |e author |9 604248 | ||
| 700 | 0 | |a Rojas Pavez, Carlos |e author |9 595449 | |
| 245 | 1 | 0 | |a Crónicas de Pichilemu: una mirada al pasado, un vistazo al presente |
| 250 | |a 2a. ed | ||
| 300 | |a 196 p | ||
| 942 | |c BK | ||
| 945 | |d 20171020 15:16:00 |a arojas | ||
| 260 | |a Pichilemu |b El Marino |c 2017 | ||
| 650 | 0 | |a Ciudades |9 265474 | |
| 650 | 7 | |a DESARROLLO URBANO |2 CL-VaPUC |9 595450 | |
| 650 | 0 | |a Gobierno local |9 258648 | |
| 650 | 0 | |a Historia de ciudades |9 445863 | |
| 651 | 0 | |a Pichilemu, Chile |9 367731 | |
| 651 | 7 | |a CHILE |2 CL-VaPUC |9 595451 | |
| 583 | |a last modification |c 20171020 15:16:00 |k Rodrigo Vera | ||
| 999 | |c 369906 |d 369904 | ||
| 952 | |0 0 |1 0 |3 erb |4 0 |6 983_330000000000000_GRE_2017 |7 0 |8 C |9 486060 |a BIBCUR |b BIBCUR |i 5430690 |o 983.33 GRE 2017 |p 5430690 |r 2025-04-22 |w 2019-11-24 |y BK |z Catalogado en:20171020 |k CAC | ||
| 952 | |0 0 |1 0 |3 erb |4 0 |6 983_330000000000000_GRE_2017 |7 0 |8 C |9 486061 |a BIBCUR |b BIBCUR |i 5432936 |o 983.33 GRE 2017 |p 5432936 |r 2025-04-22 |w 2019-11-24 |y BK |z Catalogado en:20171025 |k CAC | ||